<?xml version="1.0" encoding="UTF-8"?>
<record
    xmlns:xsi="http://www.w3.org/2001/XMLSchema-instance"
    xsi:schemaLocation="http://www.loc.gov/MARC21/slim http://www.loc.gov/standards/marcxml/schema/MARC21slim.xsd"
    xmlns="http://www.loc.gov/MARC21/slim">

  <leader>01711nam0a2200373 i 4500</leader>
  <controlfield tag="001">RU\NLR\BIBL_A\011120470</controlfield>
  <controlfield tag="005">20241105191125.0</controlfield>
  <datafield tag="010" ind1=" " ind2=" ">
    <subfield code="a">9785905942983</subfield>
  </datafield>
  <datafield tag="021" ind1=" " ind2=" ">
    <subfield code="a">RU</subfield>
    <subfield code="b">2016-834&#x438;</subfield>
    <subfield code="9">69&#x438;</subfield>
  </datafield>
  <datafield tag="035" ind1=" " ind2=" ">
    <subfield code="a">(NILC)RuMoRGB-008467476</subfield>
  </datafield>
  <datafield tag="035" ind1=" " ind2=" ">
    <subfield code="a">(NLR Aleph) 011120470</subfield>
  </datafield>
  <datafield tag="090" ind1=" " ind2=" ">
    <subfield code="a">11518239</subfield>
    <subfield code="c">11518239</subfield>
  </datafield>
  <datafield tag="100" ind1=" " ind2=" ">
    <subfield code="a">20160510d2015    um y0rusy50      ca</subfield>
  </datafield>
  <datafield tag="101" ind1="0" ind2=" ">
    <subfield code="a">rus</subfield>
    <subfield code="a">eng</subfield>
  </datafield>
  <datafield tag="102" ind1=" " ind2=" ">
    <subfield code="a">RU</subfield>
  </datafield>
  <datafield tag="105" ind1=" " ind2=" ">
    <subfield code="a">ac||z||||00zd</subfield>
  </datafield>
  <datafield tag="200" ind1="1" ind2=" ">
    <subfield code="a">&#x421;&#x435;&#x440;&#x433;&#x435;&#x439; &#x421;&#x442;&#x430;&#x440;&#x43E;&#x434;&#x443;&#x431;&#x446;&#x435;&#x432;. &#x416;&#x438;&#x432;&#x43E;&#x43F;&#x438;&#x441;&#x44C;. &#x413;&#x440;&#x430;&#x444;&#x438;&#x43A;&#x430;</subfield>
    <subfield code="d">Sergey Starodubtsev. Painting. Graphics</subfield>
    <subfield code="e">[&#x430;&#x43B;&#x44C;&#x431;&#x43E;&#x43C;</subfield>
    <subfield code="f">&#x438;&#x43D;&#x442;&#x435;&#x440;&#x432;&#x44C;&#x44E;: &#x421;&#x432;&#x435;&#x442;&#x43B;&#x430;&#x43D;&#x430; &#x41C;&#x43E;&#x441;&#x43E;&#x432;&#x430;</subfield>
    <subfield code="g">&#x441;&#x442;.: &#x43A;. &#x438;&#x441;&#x43A;. &#x41E;. &#x41D;. &#x421;&#x430;&#x432;&#x438;&#x446;&#x43A;&#x430;&#x44F;</subfield>
    <subfield code="g">&#x432;&#x43E;&#x441;&#x43F;&#x43E;&#x43C;&#x438;&#x43D;&#x430;&#x43D;&#x438;&#x44F;: &#x41F;. &#x412;. &#x41E;&#x431;&#x443;&#x445;, &#x410;. &#x41F;&#x435;&#x442;&#x440;&#x435;&#x43D;&#x43A;&#x43E;. &#x41B;. &#x41D;. &#x414;&#x443;&#x442;&#x43E;&#x432; &#x438; &#x434;&#x440;.]</subfield>
    <subfield code="z">eng</subfield>
  </datafield>
  <datafield tag="210" ind1=" " ind2=" ">
    <subfield code="a">&#x421;&#x430;&#x43D;&#x43A;&#x442;-&#x41F;&#x435;&#x442;&#x435;&#x440;&#x431;&#x443;&#x440;&#x433;</subfield>
    <subfield code="c">&#x41D;&#x41F;-&#x41F;&#x440;&#x438;&#x43D;&#x442;</subfield>
    <subfield code="d">2015</subfield>
  </datafield>
  <datafield tag="215" ind1=" " ind2=" ">
    <subfield code="a">213 &#x441;.</subfield>
    <subfield code="c">&#x438;&#x43B;., &#x446;&#x432;. &#x438;&#x43B;., &#x43F;&#x43E;&#x440;&#x442;&#x440;.</subfield>
    <subfield code="d">31</subfield>
  </datafield>
  <datafield tag="300" ind1=" " ind2=" ">
    <subfield code="a">&#x422;&#x435;&#x43A;&#x441;&#x442; &#x43F;&#x430;&#x440;&#x430;&#x43B;. &#x43D;&#x430; &#x440;&#x443;&#x441;. &#x438; &#x430;&#x43D;&#x433;&#x43B;. &#x44F;&#x437;.</subfield>
  </datafield>
  <datafield tag="510" ind1="1" ind2=" ">
    <subfield code="6">z11790</subfield>
    <subfield code="a">Sergey Starodubtsev. Painting. Graphics</subfield>
    <subfield code="z">eng</subfield>
  </datafield>
  <datafield tag="600" ind1=" " ind2="1">
    <subfield code="a">&#x421;&#x442;&#x430;&#x440;&#x43E;&#x434;&#x443;&#x431;&#x446;&#x435;&#x432;</subfield>
    <subfield code="b">&#x421;. &#x412;.</subfield>
    <subfield code="f">1951</subfield>
    <subfield code="g">&#x421;&#x435;&#x440;&#x433;&#x435;&#x439; &#x412;&#x430;&#x43B;&#x435;&#x43D;&#x442;&#x438;&#x43D;&#x43E;&#x432;&#x438;&#x447;</subfield>
    <subfield code="j">&#x410;&#x43B;&#x44C;&#x431;&#x43E;&#x43C;&#x44B;</subfield>
    <subfield code="9">2284556</subfield>
    <subfield code="3">RU\NLR\AUTH\6601596516</subfield>
  </datafield>
  <datafield tag="675" ind1=" " ind2=" ">
    <subfield code="a">75/76</subfield>
  </datafield>
  <datafield tag="686" ind1="1" ind2=" ">
    <subfield code="a">&#x429;143(2&#x420;=&#x420;&#x443;&#x441;)7-8&#x421;&#x442;&#x430;&#x440;&#x43E;&#x434;&#x443;&#x431;&#x446;&#x435;&#x432; &#x44F;61</subfield>
  </datafield>
  <datafield tag="686" ind1="1" ind2=" ">
    <subfield code="a">&#x429;153(2&#x420;=&#x420;&#x443;&#x441;)7-8&#x421;&#x442;&#x430;&#x440;&#x43E;&#x434;&#x443;&#x431;&#x446;&#x435;&#x432; &#x44F;61</subfield>
  </datafield>
  <datafield tag="700" ind1=" " ind2="1">
    <subfield code="a">&#x421;&#x442;&#x430;&#x440;&#x43E;&#x434;&#x443;&#x431;&#x446;&#x435;&#x432;</subfield>
    <subfield code="b">&#x421;. &#x412;.</subfield>
    <subfield code="f">1951-</subfield>
    <subfield code="g">&#x421;&#x435;&#x440;&#x433;&#x435;&#x439; &#x412;&#x430;&#x43B;&#x435;&#x43D;&#x442;&#x438;&#x43D;&#x43E;&#x432;&#x438;&#x447;</subfield>
  </datafield>
  <datafield tag="790" ind1=" " ind2="1">
    <subfield code="6">z11510</subfield>
    <subfield code="a">Starogubcev</subfield>
    <subfield code="b">S. V.</subfield>
    <subfield code="g">Sergej Valentinovic</subfield>
  </datafield>
  <datafield tag="801" ind1=" " ind2="0">
    <subfield code="a">RU</subfield>
    <subfield code="b">&#x420;&#x413;&#x411;</subfield>
    <subfield code="c">20160421</subfield>
    <subfield code="g">RCR</subfield>
  </datafield>
  <datafield tag="801" ind1=" " ind2="1">
    <subfield code="a">RU</subfield>
    <subfield code="b">&#x420;&#x413;&#x411;</subfield>
    <subfield code="c">20160421</subfield>
    <subfield code="2">rusmarc</subfield>
  </datafield>
  <datafield tag="942" ind1=" " ind2=" ">
    <subfield code="c">BOOK</subfield>
  </datafield>
  <datafield tag="980" ind1=" " ind2=" ">
    <subfield code="a">NBR</subfield>
  </datafield>
</record>
